| 000 | 01180ncm a2200301 i 4500 | ||
|---|---|---|---|
| 001 | 64970 | ||
| 003 | ES-MaACL | ||
| 005 | 20250220200443.0 | ||
| 007 | q| | ||
| 008 | 040107q1939 sp ||| |||||||| | spa d | ||
| 040 | _cES-MaACL | ||
| 245 | 0 | 0 |
_aCanción de la Falange _h[Música notada] / _ctextos de Agustín de Foxá ; estampas de C. Sáenz de Tejada. |
| 246 | _aCara al sol | ||
| 260 |
_aSevilla : _bEdiciones Españolas, _c[ca. 1939] _e(Madrid : _fAldus) |
||
| 300 |
_a[20] hojas : _bilustraciones (color) ; _c32 x 42 cm. |
||
| 500 | _aHistoria, letra y música del "Cara al sol", Juan Tellería | ||
| 530 | _aDisponible en formato digital | ||
| 610 | 2 | 0 |
_aFalange Española de las J.O.N.S. (1934-1937)- _vHimnos _9235854 |
| 700 | 1 |
_aFoxá, Agustín de, _d1903-1959 _952033 _eaut |
|
| 700 | 1 |
_aSáenz de Tejada, Carlos, _d1897-1958 _9141636 _eill |
|
| 700 | 1 |
_aTellería, Juan, _d1894-1949 _9158865 _eaut |
|
| 740 | 0 | 2 | _aCara al sol. |
| 852 | 4 |
_aES-MaACL _cSPP2 _jF-15034 |
|
| 856 | 4 |
_uhttp://hdl.handle.net/10357/59404 _yVersión en línea _z(Memoria Digital Vasca) |
|
| 942 |
_cPARTITURA _n0 |
||
| 999 |
_c64970 _d64970 |
||